Cartographie : (Record no. 5094)
[ view plain ]
| 000 -LEADER | |
|---|---|
| fixed length control field | 01197cam a2200349M 4500 |
| 001 - CONTROL NUMBER | |
| control field | ocn690413762 |
| 003 - CONTROL NUMBER IDENTIFIER | |
| control field | OCoLC |
| 005 - DATE AND TIME OF LATEST TRANSACTION | |
| control field | 20190314110434.0 |
| 008 - FIXED-LENGTH DATA ELEMENTS--GENERAL INFORMATION | |
| fixed length control field | 100510t20102010fr a f b 000 0 fre d |
| 020 ## - INTERNATIONAL STANDARD BOOK NUMBER | |
| International Standard Book Number | 9782953599800 (br) |
| 020 ## - INTERNATIONAL STANDARD BOOK NUMBER | |
| International Standard Book Number | 2953599800 (br) |
| 024 30 - OTHER STANDARD IDENTIFIER | |
| Standard number or code | 9782953599800 |
| 029 0# - (OCLC) | |
| OCLC library identifier | ZWZ |
| System control number | 144218461 |
| 035 ## - SYSTEM CONTROL NUMBER | |
| System control number | (OCoLC)690413762 |
| 040 ## - CATALOGING SOURCE | |
| Original cataloging agency | ZWZ |
| Language of cataloging | fre |
| Description conventions | ncafnor |
| Transcribing agency | TZ-ArACH |
| 041 0# - LANGUAGE CODE | |
| Language code of text/sound track or separate title | fre |
| Language code of table of contents | fre |
| 049 ## - LOCAL HOLDINGS (OCLC) | |
| Holding library | TZAA |
| 050 ## - LIBRARY OF CONGRESS CALL NUMBER | |
| Classification number | HG8059 |
| Item number | .A47 |
| 082 04 - DEWEY DECIMAL CLASSIFICATION NUMBER | |
| Classification number | 658.408 |
| Edition number | 22 |
| 245 03 - TITLE STATEMENT | |
| Title | Cartographie : |
| Medium | [Texte imprimé] : |
| Remainder of title | un outil de gestion des risques / |
| Statement of responsibility, etc | [publié par l'AMRAE]. |
| 250 ## - EDITION STATEMENT | |
| Edition statement | [Nouvelle édition 2010]. |
| 260 ## - PUBLICATION, DISTRIBUTION, ETC. (IMPRINT) | |
| Place of publication, distribution, etc | Paris : |
| Name of publisher, distributor, etc | AMRAE, |
| Date of publication, distribution, etc | DL 2010. |
| 300 ## - PHYSICAL DESCRIPTION | |
| Extent | 1 vol. (127 p.) : |
| Other physical details | ill. en coul. ; |
| Dimensions | 21 cm. |
| 490 1# - SERIES STATEMENT | |
| Series statement | Maîtrise des risques ; |
| Volume number/sequential designation | 2 |
| 500 ## - GENERAL NOTE | |
| General note | Autre tirage : 2015. |
| 500 ## - GENERAL NOTE | |
| General note | AMRAE = Association pour le Management des Risques et des Assurances de l'Entreprise. |
| 504 ## - BIBLIOGRAPHY, ETC. NOTE | |
| Bibliography, etc | Notes bibliogr. Glossaire. |
| 650 #7 - SUBJECT ADDED ENTRY--TOPICAL TERM | |
| Topical term or geographic name as entry element | Gestion du risque |
| General subdivision | M�ethodologie. |
| Source of heading or term | ram |
| 710 1# - ADDED ENTRY--CORPORATE NAME | |
| Corporate name or jurisdiction name as entry element | Association pour le management de risques et des assurances de l'entreprise. |
| Relator code | edt |
| 830 #0 - SERIES ADDED ENTRY--UNIFORM TITLE | |
| Uniform title | Maîtrise des risques (Paris) ; |
| Volume number/sequential designation | 2. |
| 942 ## - ADDED ENTRY ELEMENTS (KOHA) | |
| Source of classification or shelving scheme | Library of Congress Classification |
| Koha item type | Books |
| Home library | Current library | Date acquired | Full call number | Barcode | Koha item type |
|---|---|---|---|---|---|
| African Court on Human and Peoples' Rights Library | African Court on Human and Peoples' Rights Library | 14/03/2019 | HG8059 .A47 | 10213864 | Books |
